000 01209nam a2200253Ia 4500
001 18127
003 GE_BSU
008 181216s||||||||xx |||||||||||||| ||und||
020 _aISSN 1512-2727
040 _cGE_BSU
080 _a94(479.22)(082)+39
245 _aისტორიულ-ეთნოლოგიური ძიებანი XVI= Studies in history and ethnology
245 _bკრებული
245 _cრედ. ხ. იოსელიანი;სარედ:კოლეგია.ავთანდილ სონღულაშვილი,ლავრენტი ჯანიაშვილი და სხვ.
250 _aივ. ჯავახიშვილის ისტორიისა და ეთნოლოგიის ინსტიტუტი.
260 _aთბილისი
260 _c2014
300 _a252 გვ. : ილ. ; 21სმ
520 _aპარალ სათ. ინგ. ენ. ტექსტ. ინგლ. ენ.
653 _aეთნოლოგია
653 _aისტორია
653 _aისტორიულ-ეთნოლოგიური ძიებანი XVII
942 _cBK
999 _c51168
_d51168